00612nam a2200169Ia 4500008004100000020001800041050002400059245004500083260005400128300002100182440003600203500005100239521000700290942001200297999001900309952011400328140527s9999 xx 000 0 und d a9780737762389 aPN 4756b.M353 2013 aMedia ethics /cNoel Merino, book editor aFarmington Hills, MI :bGreenhaven Press,cc2013. a199 p. ;c23 cm. a(Current controversies series). aIncludes bibliographical references and index. aMA kFORcBK c117491d117491 001040aCLbCLcRESd2014-05-28g1498.00l0oPN 4756 .M353 2013pC18099r2014-10-30 00:00:00w2014-05-28yBK